Armed Conflicts in South Asia 2011 (Record no. 13529)

MARC details
000 -LEADER
fixed length control field 00644nam a2200229 a 4500
020 ## - INTERNATIONAL STANDARD BOOK NUMBER
ISBN 9780415529631
082 00 - DEWEY DECIMAL CLASSIFICATION NUMBER
Classification number 303.69
Author Cutter CHA1
100 ## - MAIN ENTRY--AUTHOR NAME
Author name Chandran, Suba D
245 ## - TITLE STATEMENT
Title Armed Conflicts in South Asia 2011
Sub title The Promise and Threat of Transformation
260 ## - PUBLICATION, DISTRIBUTION, ETC. (IMPRINT)
Place of publication London
Name of publisher Routledge Chapman Hall
Year of publication 2012
300 ## - PHYSICAL DESCRIPTION
Number of Pages 297p
500 ## - GENERAL NOTE
General note includes index and biblioraphy
505 2# - FORMATTED CONTENTS NOTE
Formatted contents note Bibliography, Index
650 ## - SUBJECT ADDED ENTRY--TOPICAL TERM
Topical Term Conflict Resolution-South Asia
942 ## - ADDED ENTRY ELEMENTS (KOHA)
Koha item type Books
Holdings
Collection code Home library Current library Date acquired Cost, normal purchase price Full call number Accession Number Koha item type
  Henry Martyn Institute Library Henry Martyn Institute Library 08/09/2012 795.00 303.69 CHA1 023844 Books
                   Copyright © 2026 | Henry Martyn Institute | Hyderabad | TS-500052 | INDIA | Implemented by hmi.edu.in
Hit-Count:

Powered by Koha